000 00476nam a2200181Ia 4500
008 120823t2005 xxu||||| |||| 00| 0 sin d
041 _asin
080 _a8-31 (eng)
_bDEF
100 _aDefoe,Daniel
245 _aරොබින්සන් කෘෘසෝ
246 _aRobinson Crusoe
260 _aM. D. Gunasena
_aColombo
_c2005
300 _b387p, 18 cm
700 _aRanawaka,Adwin
_etr.
942 _cBK
999 _c41029
_d41029
003 LK-CoDNM
040 _aLK-CoDNM
_dLK-CoDNM
_eLK-CoDNM